Quizzes
Events
Quiz Creation
Community
Videos
Private Events
Remove Ads
Sign In
Join for FREE
Feedback
Dark Mode
Quiz Categories
Sports
Geography
Music
Movies
Television
Just For Fun
Miscellaneous
History
Literature
Language
Science
Gaming
Entertainment
Religion
Holiday
For Kids
Quiz Lab
Recent
Popular Today
Quiz Kudos Today
Editor Picks
Curator Picks
Quizzes by...
Day
Popularity
Type
Ratings
Length
Year
Community
Subscriptions
Recent Discussions
Orange Saloon
Badges
Playlists
Quests
Create
Leaderboards
Showdown
Live 5
Trivia Bingo
Activity
Puzzle Library
Sporcle Events
Private Events
Virtual Trivia
Globe League
Become a Host
Pub Owners
SporcleCon
Opinionation
Our Games
Videos
Blog
Mobile Apps
Partnerships
Remove Ads and Go Orange
Feedback
Sports
Athletes
MLB
NBA
NHL
NFL
Soccer
Sports Teams
WWE
NCAA
Football
Premier League
Basketball
Baseball
Hockey
Golf
Tennis
Cricket
Rugby
Auto Racing
Olympics
World Cup
Sports
Athletes
MLB
NBA
NHL
NFL
Soccer
Sports Teams
WWE
NCAA
Football
Premier League
Basketball
Baseball
Hockey
Golf
Tennis
Cricket
Rugby
Auto Racing
Olympics
World Cup
Random Quiz
Search Sporcle
×
Quiz Lab
Quiz Lab
Sports
MLB
Type in answers that appear in a list
Type in answers that appear in a list
Classic
Best Score? Go Orange.
Top MLB Players of the 2000-2010 Decade Stats
Can you name the Top 100 MLB Players of the 2000-2010 Decade According to Baseball Fever?
By
goknicks
15m
100 Questions
1,687 Plays
1,687 Plays
1,687 Plays
Comments
Comments
Give Quiz Kudos
Give Quiz Kudos
-
- Ratings
hide this ad
Replay
Link that replays current quiz
Next Quiz
Link to next quiz in quiz playlist
You Got
0%
They Got
Avg Score
56%
Avg Friend Score
Upgrade to see
Score Distribution
Jump to the score distribution portion of the page
Score
0/100
Timer
15:00
0
Plays Today
Position
Player
% Correct
SS/
3B
Alex Rodriguez
97%
SS
Derek Jeter
96%
C
Ivan Rodriguez
95.8%
3B/
1B
Albert Pujols
94%
OF
Barry Bonds
86.1%
OF
Manny Ramirez
84.4%
DH
David Ortiz
84.1%
3B
Chipper Jones
83.7%
3B
Aramis Ramirez
83.6%
SS
Hanley Ramirez
83.5%
OF
Andruw Jones
83.2%
P
Pedro Martinez
82.3%
P
Randy Johnson
82%
C/
1B
Victor Martinez
81.5%
3B/
1B
Miguel Cabrera
80.6%
OF/
1B
Carlos Lee
80%
1B
Derrek Lee
79.8%
P
Roy Halladay
79.2%
P
Mariano Rivera
78.4%
OF
Ichiro Suzuki
76.4%
P
Roger Clemens
73.8%
OF
Sammy Sosa
72.6%
1B/
DH
Jim Thome
72.2%
P
Curt Schilling
72%
C
Jorge Posada
71.8%
2B
Chase Utley
71.5%
1B
Todd Helton
70.8%
OF
Carlos Beltran
70.5%
SS
Jimmy Rollins
68.9%
P
Greg Maddux
68.9%
OF/
1B/
3B
Lance Berkman
68.9%
1B/
DH
Jason Giambi
68.9%
OF
Vladimir Guerrero
68.2%
3B
Scott Rolen
68.1%
Position
Player
% Correct
P
Johan Santana
67.7%
P
CC Sabathia
67.4%
3B
David Wright
67%
DH/
1B
Frank Thomas
66.1%
3B
Adrian Beltre
66.1%
C
Joe Mauer
65.3%
SS
Miguel Tejada
65.2%
P
Tom Glavine
65.1%
1B
Carlos Delgado
64.7%
OF
Jim Edmonds
63.2%
P
Andy Pettitte
62.7%
2B
Jeff Kent
61.5%
SS/
2B/
3B
Michael Young
61.2%
P
Barry Zito
60.3%
SS
Jose Reyes
60.1%
1B
Mark Teixeira
59.7%
OF
Gary Sheffield
59.4%
OF
Larry Walker
58.8%
P
Tim Hudson
58.7%
OF
Johnny Damon
58.6%
OF
Vernon Wells
57.9%
P
Freddy Garcia
57.8%
OF/
1B
Adam Dunn
57.2%
OF
Torii Hunter
56.6%
P
Mike Mussina
56.5%
P
Roy Oswalt
54.9%
P
Derek Lowe
54.5%
OF
Matt Holliday
53.4%
P
Josh Beckett
53%
OF
Magglio Ordonez
52.8%
3B
Troy Glaus
51.5%
SS
Nomar Garciaparra
51.5%
OF
Bobby Abreu
50.1%
OF
Carl Crawford
48.2%
Position
Player
% Correct
P
Jake Peavy
45.8%
3B
Mike Lowell
45.7%
OF
Grady Sizemore
44.4%
3B
Eric Chavez
44.2%
P
Mark Buehrle
41.6%
3B/
1B
Kevin Youkilis
40.2%
OF
Brian Giles
39.9%
SS
Edgar Renteria
39.9%
OF
JD Drew
39.4%
P
Carlos Zambrano
39%
P
Bartolo Colon
38.3%
P
Brandon Webb
37.6%
P
Jamie Moyer
37%
3B/
2B
Placido Polanco
33.7%
3B
Melvin Mora
32.8%
P
Tim Wakefield
32.3%
SS
Rafael Furcal
31.4%
P
John Lackey
31.1%
P
Dan Haren
27.3%
P
Kenny Rogers
26.6%
OF
Mike Cameron
26.3%
P
Javier Vazquez
24.4%
OF/
2B/
SS
Carlos Guillen
24.1%
3B/
2B
Chone Figgins
21.9%
OF
Cliff Floyd
17.1%
P
Brad Radke
15.9%
2B
Ray Durham
13.5%
P
Jarrod Washburn
9.1%
3B
Corey Koskie
8.2%
P
Kelvim Escobar
7.6%
OF
Randy Winn
7.4%
SS/
2B
Jose Valentin
7.2%
Quiz Playlist
Details
Report
Send in Message
Add To Playlist
Classic:
Type in answers that appear in a list
Quiz Source
Last Updated: Dec 5, 2018
Quiz Scoreboard
CHALLENGE
Sign Up to Join the Scoreboard
Show All
Scores
Hide
Comments
May contain spoilers
Recently Published
NBA Finals Game Top Scorers (2010s)
by flibbidy
Sports
5m
Guess the 'R' Things in 3 Words
by MSUKent
Miscellaneous
3m
Actor to Badly Drawn Movie III
by MoMosMoProblems
Movies
5m
More to Explore
Quiz From the Vault
Featured Blog Post
Where Does Lost Luggage Go?
hide this ad
You Might Also Like...
Tags
Baseball Quiz
Decade Quiz
MLB Quiz
100
Top-ranked
Top-rated
Top 100
Top Level
Today's Top Quizzes in Sports
Browse Sports
hide this ad
Today's Top Quizzes in MLB
Browse MLB
Top Contributed Quizzes in Sports
1
Les joueurs à 100 buts en Ligue 1 Uber Eats
2
2022 World Cup Stars
3
2024 March Madness Bracket
4
Millionaire: NBA Finals Edition
5
Players with Multiple 50 Home Run Seasons
6
Nickname Match: Athletes VI
7
Criteria MLB: Left Handed Sluggers
8
Iconic Moments in Football - Multiple Choice
9
NFL MVPs ordered
10
First NBA MVP by Team
Explore More
Trending Topics
Harry Potter
NBA
Disney
Kpop
Crossword
Marvel
Anime
Pokémon
Song
The Office
Soccer
WWE
NFL
Country
Puzzle
hide this ad
More By:
goknicks
Quiz
Plays
Rating
Category
Featured
Created
Mlb Players Clickable (Medium)
3,985
3.12
Sports
Apr 1, 2012
Highest Ratings: Madden 12
3,636
4.13
Sports
Aug 28, 2011
Next To 3000 Hits
2,289
2.46
Sports
Jul 10, 2011
Top MLB Players of the 2000-2010 Decade
1,687
4.00
Sports
May 23, 2012
Top 40 Players of Euro 2012
1,328
4.50
Sports
Jun 14, 2012
Go to Creator's Profile
Score Distribution
Quiz Creator Spotlight
goknicks
Follow
Send a Message
Quizzes Created
-
Created Quiz Play Count
-
More By This Creator
Popular Quizzes Today
1
Find the US States - No Outlines Minefield
2
Find the US States
3
The Countries of the World
4
10 Largest US States in Order
5
Find the Countries of Europe - No Outlines Minefield
6
US States
7
Guess the 'R' Things in 3 Words
8
NBA Finals Game Top Scorers (2010s)
More Sports Quizzes
1979 NBA Draft - 1st Round
Quiz Lab
Trending Quizzes
First Name TV: Leading Men
First Name TV: Leading Women Drama
Match the Book to the Film II
3-Word Movies in 1 Word II
Match the Book to the Film VI
Recently Updated
Women's Final Four Teams by Year
bhenderson79
Presidents Quartet II
eogle
Anything But Clue(do)
eogle
Anything But Oceanian Capitals
eogle
Anything But 7
eogle
Anything But Thing
eogle
Word Ladder: February 29
pecheneg
Song Title Questions
pecheneg
Women's NCAA Tournament #1 Seeds
pecheneg
Celebrity Mug Shots
pecheneg
Trending Topics
Crossword
Harry Potter
Kpop
Anime
Disney
NBA
Marvel
Song
Soccer
WWE
Puzzle
Country
The Office
NFL
Pokémon
Your Account Isn't Verified!
In order to create a playlist on Sporcle, you need to verify the email address you used during registration. Go to your
Sporcle Settings
to finish the process.
Report this User
Report this user for behavior that violates our
Community Guidelines
.
Details:
Send Report
Go to the Sporcle.com Mobile Site →
Comments